000 00981pam a2200301 a 4500
001 3523360
003 GBCCL
005 20241126110420.0
008 960403s1996 cau b 000 0 eng
010 _a 96008076
020 _a0830718524 (hardcover)
020 _a0830718664 (trade paper)
040 _aDLC
_cDLC
_dDLC
050 0 0 _aBV660.2
_b.B329 1996
082 0 0 _a253
_220
_bBAR
100 1 _aBarna, George.
_91012
245 1 0 _aTurning vision into action /
_cGeorge Barna.
260 _aVentura, Calif. :
_bRegal Books,
_cc1996.
300 _a176 p. ;
_c24 cm.
504 _aIncludes bibliographical references (p. [173]-176).
650 0 _aClergy
_xOffice.
_9299
650 0 _aPastoral theology.
_9414
650 0 _aChristian leadership.
_91568
650 0 _aVisions.
_94413
906 _a7
_bcbc
_corignew
_d1
_eocip
_f19
_gy-gencatlg
942 _2ddc
_cBK
_06
999 _c2157
_d2157